000 00342nam a22001457a 4500
008 210428b ||||| |||| 00| 0 eng d
020 _a9780195341423
041 _aeng
080 _a82
082 _a82
100 _a21
101 _aGJL
245 _aJames Madison and the Struggle for the Bill of Rights
_cLabunski,R
942 _2udc
_cBK
999 _c56893
_d56893